Storia d'Italia #4. XI-XIII sec. - Statistics

Statistiche generali
  • Questo quiz è stato fatto 114 volte
  • Il punteggio medio è 15 su 20
Statistiche sulle risposte
Domanda Risposta % Corretto
Nei secoli del Medioevo centrale ascende la potenza navale e commerciale di queste repubbliche marinare italiane nel Mar Mediterraneo (è sufficiente nominarne una) Pisa / Genova / Venezia
98%
Tra XI e XIII secolo anche numerosi cavalieri italiani partecipano a queste spedizioni armate in Terrasanta Crociate
95%
Nel 1265 nasce a Firenze l'autore della Divina Commedia, considerato il padre della lingua italiana Dante Alighieri
93%
In questo modo venivano chiamati in Italia i sostenitori del papa contro l'imperatore Guelfi
90%
In questo modo venivano chiamati in Italia i sostenitori dell'imperatore contro il papa Ghibellini
88%
Ai confini nord-occientali della penisola inizia a formarsi il dominio della dinastia che riuscirà a unificare l'Italia nel corso dell'Ottocento Savoia
86%
Città lombarda che fu capofila della lotta anti-imperiale Milano
85%
Nel 1204 i veneziani organizzano il saccheggio di questa importante capitale orientale Costantinopoli
83%
Nel 1168 vien fondata questa città piemontese, nominata in onore del papa, nel corso della lotta tra le istituzioni della domanda precedente e l'Impero Alessandria
80%
Nel 1226 muore una delle figure più celebri del Medioevo, primo autore della letteratura italiana e poi santo patrono d'Italia Francesco d'Assisi
77%
Alla metà dell'XI secolo questo popolo nordico giunge in Italia meridionale, conquistando la Sicilia araba e i territori bizantini Normanni
77%
Così era chiamato l'imperatore Federico I, sconfitto dai lombardi nel 1176 Barbarossa
76%
Nelle città dell'Italia del Nord nasce questa istituzione, protagonista della politica italiana fino alla nascita delle signorie Comune
73%
In questa città emiliana viene costruito il duomo di San Gimignano, tra i massimi esempi di architettura romanica in Italia Modena
63%
In questa città, nel XII secolo la Chiesa organizza i primi tre concili lateranensi Roma
60%
Potente contessa dell'Italia centro-settentrionale che spalleggia il pontefice durante la lotta per le investiture: l'umiliazione dell'imperatore avviene presso il suo castello Matilde di Canossa
52%
Nel corso della lotta per le investiture, nel 1077, questo imperatore è costretto ad umiliarsi davanti al papa per ottenere il ritiro della scomunica Enrico IV
50%
Presso questa cittadina, nel 1176, i lombardi ottengono un'importantissima vittoria contro l'Impero Legnano
50%
Nell'anno 1300 questo pontefice indice il primo giubileo della Storia della Chiesa Bonifacio VIII
45%
Il papa che ottiene l'umiliazione dell'imperatore Gregorio VII
45%
Nessun quiz corrispondente trovato
Distribuzione punteggi
Percentuale di utenti per punteggio
Percentile per numero di risposta
I tuoi punteggi nel tempo
Non hai fatto questo quiz